| 000 | 00752nam a2200205 4500 | ||
|---|---|---|---|
| 001 | 85739 | ||
| 003 | BD-RjUL | ||
| 005 | 20250918105100.0 | ||
| 008 | 250918s1967 pk ||||| |||| 00| 0 urd d | ||
| 035 | _a(BD-RjUL)85739 | ||
| 040 |
_aBD-RjUL _beng _cBD-RjUL |
||
| 041 | _aurd | ||
| 082 |
_223 _a297.092 _bFAI 1967 |
||
| 100 |
_a فاضل، سید محمد عبدالرشید ;; Fazil, Syed Mohammad Abdul Rasheed _916932 |
||
| 245 | 1 | 0 |
_aاقبال اور عشق رسالت مات ;; aqbal our ashq rasalt mat / _cسید محمد عبدالرشید فاضل ;; Syed Muhammad Abdul Rasheed Fazil |
| 264 |
_aKarachi : _bTanwirat ilm i adb , _c1967 |
||
| 300 |
_a183 p. ; _c17 cm |
||
| 600 |
_aاقبال _xفکر و فلسفہ _916933 |
||
| 942 |
_2ddc _cBK |
||
| 999 |
_c85739 _d85739 |
||